Ελληνική γλώσσα : εγχειρίδιο διδασκαλίας της ελληνικής ως δεύτερης (ξένης) γλώσσας

Saved in:
Bibliographic Details
Main Author: Μπαμπινιώτης, Γεώργιος Δ., 1939-
Other Authors: Αναγνωστοπούλου, Α.
Format: Book
Language:Greek
Published: Αθήνα : Ίδρυμα μελετών Λαμπράκη, 2003.
Edition:3η έκδ, αναθ.
Series:Εκπαιδευτικές εκδόσεις
Subjects:
Tags: Add Tag
No Tags, Be the first to tag this record!

MARC

LEADER 00000cam a2200000 i 4500
001 1/53787
008 070904s2003 gr | ||| |||| ||gre||
020 |a 9603700592 
035 |l 10090382 
040 |a GR-MyUA  |b gre  |e AACR2 
041 0 |a gre 
082 0 |a 489.382421  |2 (22) 
100 1 |a Μπαμπινιώτης, Γεώργιος Δ.,   |d 1939- 
245 1 0 |a Ελληνική γλώσσα :   |b εγχειρίδιο διδασκαλίας της ελληνικής ως δεύτερης (ξένης) γλώσσας /   |c Γ. Μπαμπινιώτη ; σε συνεργασία με τους Α. Αναγνωστοπούλου...[κ.ά].  
250 |a 3η έκδ, αναθ.  
260 |a Αθήνα :   |b Ίδρυμα μελετών Λαμπράκη,   |c 2003.  
300 |a 456 σ. :   |b έγχρ. εικ. ;   |c 24 εκ.  
490 1 |a (Εκπαιδευτικές εκδόσεις)  
504 |a Περιέχει ευρετήριο γραμματικής και σύνταξης.  
650 0 0 |a Greek language, Modern  |x Textbooks for foreign speakers. 
650 0 0 |a Greek language, Modern  |x Study and teaching. 
700 1 |a Αναγνωστοπούλου, Α. 
830 0 |a Εκπαιδευτικές εκδόσεις 
852 |a INST  |b SAMOS  |e 20070904  |h 489.382421 ΜΠΑ  |p 005300025753  |q 005300025753  |t BK  |y 0 
901 |a BIBL3-2007-2 
909 |a Σ  |b 136154 
922 |a 3ΕΛΗ  |b 200707  |c ΕΠΕΑΕΚ2/ΤΜΠΕΣ  |d Σ. ΠΑΤΑΚΗΣ 
970 |a ΜΑΛΑΓΑΡΗ  |b ΦΩΤΕΙΝΗ  |z 2007/09/04